Statistics for Guess The Fortnite Pro

Click here to take the quiz!

General Stats

  • This quiz has been taken 417 times
  • The average score is 5 of 54

Answer Stats

OrganizationCountryPlayer% Correct
FalconsSloveniaTayson
76%
Become LegendsNorwayMrSavage
75%
Galaxy RacerRussiaMalibuca
69%
Galaxy RacerSerbiaQueasy
53%
GuildDenmarkAnas
37%
WaveSwitzerlandNoahreyli
29%
Galaxy RacerPolandTeeq
25%
TT9SwedenMoneymaker
16%
Become LegendsEnglandNebs
15%
TT9Bosnia and HerzegovinaChico
13%
LootBoyPolandKubx
13%
LootBoyItalyBelusi
9%
PlaywellIrelandCoope
9%
WickPolandKombek
9%
EvenezyUkraineVanyak3kk
9%
Mind GamesUkraineFreemok
8%
HereticsSpainNakoo
8%
VISU GamingFinlandMarco
7%
OrkadiaUkraineS1ned
6%
Rapid NinjasHungaryFaki
5%
WickSwedenFnajen
5%
Wave AcademyGermanyGlubschi
4%
SoolitIrelandNipsy
3%
AtideBelarusAnchor
2%
MYinsanitySwitzerlandCosmo
2%
Reality ZoneFranceDestru
2%
EvenezyGermanyFlyy
2%
ConnectingNorth MacedoniaHris
2%
PlaywellCroatiaJimke
2%
InTenZiveNorwayMarius
2%
Premium GamingWalesSwifty
2%
Premium GamingEnglandVortexia
2%
PsychoPortugal14Jonny
1%
Premium GamingSwedenDelaVaux
1%
EvenezyEnglandJae
1%
AYMFranceKeziix
1%
SAGASNorwayLotiix
1%
MCESFranceMirza
1%
STR AwlayHungaryNikola
1%
LuminoxSwitzerlandNoaggs
1%
SAGASSpainPurd1ales
1%
OrkadiaRussiaQroll
1%
ParadiseDenmarkSupereye
1%
DelorTurkeyAlperen
0%
TimelessScotlandAlyanz
0%
AevaLithuaniaArnie
0%
DifferentRomaniaAxelmeister
0%
DelorRomaniaCyr0x
0%
BPSloveniaEd1tz
0%
ConnectingRomaniaFearful
0%
InFuriaEsportPortugalGust
0%
EvenezyHungaryKoky
0%
AveriourSwitzerlandVentlix
0%
GloriousFranceWanlast
0%

Score Distribution

Percentile by Number Answered

Percent of People with Each Score

Your Score History

You have not taken this quiz